Statistiques concernant Prénoms chats les plus donnés

Cliquez ici pour prendre le quiz!

Statistiques générales

  • Ce quiz a été pris 93 fois
  • Le résultat moyen est 3 sur 15

Statistiques - réponses

HintRéponse% Correct
4Felix
51%
10Caramel
38%
1Tigrou
38%
5Simba
35%
13Mimi
31%
2Nala
25%
11Minette
24%
9Plume
14%
3Gribouille
11%
7Maya
11%
12Caline
10%
8Filou
10%
15Kitty
9%
6Chipie
8%
14Rio
6%

Distribution des résultats

Percentile par nombre de réponses

% des personnes avec chaque résultat

Votre développement - résultats

Vous n’avez pas pris ce quiz